Countries with Crocodilians - Statistics

General Stats
  • This quiz has been taken 335 times
  • The average score is 73 of 119
Answer Stats
Crocodilian Country % Correct
Caiman | Crocodile Puerto Rico | United States
99%
Alligator | Caiman | Crocodile United States
99%
Caiman Brazil
92%
Caiman | Crocodile Mexico
91%
Crocodile | Gharial India
86%
Alligator China
84%
Caiman France | French Guiana
84%
Caiman Argentina
83%
Caiman | Crocodile Peru
83%
Caiman | Crocodile Cuba
82%
Caiman | Crocodile Colombia
81%
Crocodile Australia
78%
Crocodile | Gharial Indonesia
78%
Caiman | Crocodile Panama
78%
Caiman | Crocodile Venezuela
77%
Caiman | Crocodile Costa Rica
74%
Caiman | Crocodile Ecuador
74%
Crocodile Egypt
74%
Caiman | Crocodile El Salvador
74%
Caiman | Crocodile Guatemala
74%
Crocodile Haiti
73%
Caiman | Crocodile Nicaragua
73%
Caiman Bolivia
72%
Crocodile Dominican Republic
72%
Caiman | Crocodile Honduras
71%
Caiman Guyana
70%
Caiman Suriname
70%
Caiman | Crocodile Belize
69%
Crocodile South Africa
69%
Caiman Uruguay
69%
Caiman Paraguay
68%
Crocodile Jamaica
67%
Crocodile Pakistan
67%
Crocodile | Gharial Malaysia
66%
Crocodile Vietnam
66%
Crocodile Thailand
65%
Crocodile Democratic Republic of the Congo
64%
Crocodile Sudan
64%
Crocodile Laos
62%
Crocodile Myanmar
62%
Crocodile | Gharial Bangladesh
61%
Crocodile Cambodia
60%
Crocodile Kenya
60%
Crocodile Republic of the Congo
59%
Crocodile Niger
58%
Crocodile South Sudan
58%
Crocodile Papua New Guinea
56%
Crocodile Somalia
56%
Crocodile Tanzania
56%
Crocodile Nigeria
55%
Crocodile | Gharial Nepal
54%
Crocodile Ethiopia
52%
Crocodile Sri Lanka
52%
Caiman | Crocodile Trinidad and Tobago
52%
Crocodile Angola
50%
Crocodile Mozambique
50%
Crocodile Namibia
50%
Crocodile Philippines
50%
Crocodile Senegal
50%
Crocodile | Gharial Brunei
49%
Crocodile Uganda
49%
Crocodile Cameroon
47%
Crocodile Ghana
47%
Crocodile Chad
46%
Crocodile Iran
46%
Crocodile Benin
44%
Crocodile Botswana
44%
Crocodile France | Martinique
44%
Crocodile Gambia
44%
Crocodile Togo
44%
Crocodile Zambia
44%
Crocodile Eritrea
43%
Crocodile Gabon
43%
Crocodile Guinea
43%
Crocodile Madagascar
43%
Crocodile Singapore
43%
Crocodile Timor-Leste
43%
Crocodile Zimbabwe
43%
Crocodile Malawi
42%
Crocodile Rwanda
42%
Crocodile Central African Republic
41%
Crocodile Côte d'Ivoire
41%
Crocodile Burundi
40%
Crocodile Mali
40%
Crocodile Djibouti
36%
Crocodile Eswatini
35%
Crocodile Guinea-Bissau
35%
Crocodile Equatorial Guinea
34%
Crocodile Liberia
34%
Crocodile Mauritania
34%
Crocodile Sierra Leone
34%
Crocodile Solomon Islands
30%
Crocodile Cayman Islands | United Kingdom
29%
Crocodile Burkina Faso
27%
Crocodile Vanuatu
26%
Crocodile Palau
20%
No matching quizzes found
Score Distribution
Percent of People with Each Score
Percentile by Number Answered
Your Score History
You have not taken this quiz